Music Quiz

Random Music or Classical Quiz

Mozart or No-zart? Quiz Stats

 Plays Quiz Updated Feb 18, 2015

Challenge
Share
Tweet
Embed
Score 0/20 Timer 04:00
1 Play Today
Work (M)ozart or (N)ot Mozart % Correct
The Magic Flute???
85%
Requiem???
81.8%
The Marriage of Figaro???
81.6%
The Four Seasons???
81.4%
Eine kleine Nachtmusik???
80.9%
Boléro???
79.3%
1812 Overture???
78.7%
The Blue Danube???
77.5%
Sabre Dance???
76.2%
Don Giovanni???
75.9%
Work (M)ozart or (N)ot Mozart % Correct
Für Elise???
73.3%
Zadok the Priest???
72.3%
Turandot???
71.4%
Mozartiana???
71.3%
The Barber of Seville???
66.2%
Rigoletto???
63%
La clemenza di Tito???
56.6%
Symphony No. 70???
53%
Eine kleine Gigue???
50.3%
Haydn Quartets???
38.1%

You're not logged in!

Compare scores with friends on all Sporcle quizzes.
Join for Free
OR
Log In

You Might Also Like...

Show Comments

Extras

Top Quizzes Today


Score Distribution

Your Account Isn't Verified!

In order to create a playlist on Sporcle, you need to verify the email address you used during registration. Go to your Sporcle Settings to finish the process.

Report this User

Report this user for behavior that violates our Community Guidelines.

Details: